A vállalkozási tevékenység hatékonyságának és jövedelmezőségének elemzése Porsche Hungaria Kereskedelmi Kft. példáján keresztül bemutatva

Bibliográfiai részletek
Szerző: Harkainé Franyó Dóra
További közreműködők: Pucsek Dr. József
Dokumentumtípus: Záródolgozat
Kulcsszavak:Jövedelemzőség
Gazdaságosság - gazdasági hatékonyság
Likviditás
Online Access:http://dolgozattar.uni-bge.hu/12113

MARC

LEADER 00000nta a2200000 i 4500
001 dolg12113
005 20170517143406.0
008 170517suuuu hu o 000 hun d
040 |a BGE Dolgozattár Repozitórium  |b hun 
041 |a hu 
100 1 |a Harkainé Franyó Dóra 
245 1 2 |a A vállalkozási tevékenység hatékonyságának és jövedelmezőségének elemzése Porsche Hungaria Kereskedelmi Kft. példáján keresztül bemutatva  |c Harkainé Franyó Dóra  |h [elektronikus dokumentum] 
516 |a Final_paper 
695 |a Jövedelemzőség 
695 |a Gazdaságosság - gazdasági hatékonyság 
695 |a Likviditás 
700 1 |a Pucsek Dr. József  |e ths 
856 4 0 |u http://dolgozattar.uni-bge.hu/12113/1/Szakdolgozat_DH9YAT.pdf  |z Dokumentum-elérés 
856 4 0 |u http://dolgozattar.uni-bge.hu/12113/2/7.-szamu-melleklet_Nyilatkozat-sajat-munkarol.PDF  |z Dokumentum-elérés 
856 4 0 |u http://dolgozattar.uni-bge.hu/12113/3/8.-szamu-melleklet_Titkositasi-kerelem.PDF  |z Dokumentum-elérés